Normal view MARC view
  • González Motos, Sheila

Entry Nombre Personal

Number of records used in: 2

001 - NUMERO DE CONTROL

  • campo de control: 49148

003 - IDENTIFICADOR DE NUMERO DE CONTROL

  • campo de control: UPN

005 - FECHA Y HORA DE LA ÜLTIMA TRANSACCIÓN

  • campo de control: 20230605122747.0

008 - DATOS DE LONGITUD FIJA

  • campo de control de longitud fija: 230605|| acn||aabn | a|a d

024 7# - OTROS IDENTIFICADORES NORMALIZADOS

  • Fuente: orcid
  • Número normalizado o código: https://orcid.org/0000-0002-2401-9991

040 ## - FUENTE DE CATALOGACIÓN

  • Agencia original de catalogación: MX-MxUPN

100 ## - ENCABEZAMIENTO - NOMBRE PERSONAL

  • Nombre personal: González Motos, Sheila

370 ## - LUGAR ASOCIADO

  • Associated country: España

371 ## - DIRECCIÓN

  • Address: Sheila.gonzalez@ub.edu

372 ## - CAMPO DE ACTIVIDAD

  • Field of activity: Ciencias políticas
  • Field of activity: Sociología

373 ## - GRUPO ASOCIADO

  • Associated group: Universidad de Barcelona

374 ## - OCUPACIÓN

  • Occupation: Profesora - investigadora universitaria

670 ## - FUENTE EN LA QUE SE LOCALIZARON DATOS

  • Cita de la fuente: En recurso en línea: RED: revista de educación a distancia. Vol. 23, no. 72 (2023)
  • Información localizada: (Sheila González Motos)
  • Uniform Resource Identifier: https://revistas.um.es/red/article/view/541031/333961

902 ## - CATALOGADOR

  • Catalogador: Leonor Sotres/050623